| 000 | 00421cam a2200145ua 4500 | ||
|---|---|---|---|
| 041 |
_aeng _h |
||
| 082 |
_a532.57 _bIND/RE |
||
| 100 | _aIndian Standard Institution, . | ||
| 245 | 0 | 0 | _aRecommendation for liquid flow measurement in open channels by weirs and flumes ,IS:9117-1979 |
| 260 |
_aNew Delhi : _bIndian Standards Institution , _c1979. |
||
| 300 | _a12 ; . | ||
| 504 | _a | ||
| 942 | _cBK | ||
| 999 |
_c4581 _d4581 |
||